| 000 | 01299nam a2200349 a 4500 | ||
|---|---|---|---|
| 001 | ebr10014979 | ||
| 003 | CaPaEBR | ||
| 006 | m u | ||
| 007 | cr cn||||||||| | ||
| 008 | 961101s1997 enkab sb 001 0 eng | ||
| 010 | _z 96045572 | ||
| 020 | _z0521560101 (hardback) | ||
| 020 | _z0521568897 (paperback) | ||
| 040 |
_aCaPaEBR _cCaPaEBR |
||
| 035 | _a(OCoLC)51550943 | ||
| 050 | 1 | 4 |
_aSB199 _b.P37 1997eb |
| 082 | 0 | 4 |
_a633.2/02 _221 |
| 100 | 1 | _aPearson, C. J. | |
| 245 | 1 | 0 |
_aAgronomy of grassland systems _h[electronic resource] / _cC.J. Pearson and R.L. Ison. |
| 250 | _a2nd ed. | ||
| 260 |
_aCambridge [England] ; _aNew York, NY, USA : _bCambridge University Press, _c1997. |
||
| 300 |
_axii, 222 p. : _bill., maps. |
||
| 504 | _aIncludes bibliographical references (p. 188-217) and index. | ||
| 533 |
_aElectronic reproduction. _bPalo Alto, Calif. : _cebrary, _d2013. _nAvailable via World Wide Web. _nAccess may be limited to ebrary affiliated libraries. |
||
| 650 | 0 | _aPastures. | |
| 650 | 0 | _aGrasses. | |
| 650 | 0 | _aRange management. | |
| 655 | 7 |
_aElectronic books. _2local |
|
| 700 | 1 | _aIson, R. L. | |
| 710 | 2 | _aebrary, Inc. | |
| 856 | 4 | 0 |
_uhttp://site.ebrary.com/lib/rucke/Doc?id=10014979 _zAn electronic book accessible through the World Wide Web; click to view |
| 999 |
_c26906 _d26906 |
||